000 00924nam a2200265Ia 4500
003 OSt
005 20221005112553.0
006 a|||||r|||| 00| 0
007 ta
008 221004b |||||||| |||| 00| 0 pan d
020 _cIndian Rupees 100
024 _a33752
037 _bGift, 27/09/2017,
_cTextual
040 _aCRL
_cCRL
_bpan
041 _2pan
_apan
082 _aO153,6x, P3
100 _aਹਰਿਭਜਲ ਸਿੰਘ, ਂਚ.
245 0 _aਦਸਮ ਗ੍ਰੰਥ ਬਾਰੇ ਚੋਣਵੇ੍ਵ ਲੇਖ
260 _aਚੰਡੀਗੜ੍ਹ
_bਗੁਰੂ ਨਾਨਕ ਪ੍ਰਕਾFਨ ਭਾਰਤ
_c2003
300 _a167ਪ੍ਰ0
_ccm.
650 _a ਪੰਜਾਬੀ ਕਾਵਿ
650 _aਪੰਜਾਾਬੀ ਸਾਹਿਤ
942 _hO153,6x, P3
_cTEXL
_2cc
999 _c1025286
_d1025286